00382 a2200121 4500001001000000005001700010008004100027245006500068100002200133700003800155773005000193999001700243ART_4089120260410161842.0260409a 10aControles sobre el ejercicio del poder disciplinario militar1 aTorres, Ismael F.1 aFuria de Torres, Lilian Alicia G.0 tRAPg- Año 39, Nº 458 (nov. 2016)wREV5941 c24193d24193